| 000 | 00370pab a2200145 454500 | ||
|---|---|---|---|
| 008 | 180718b1983 xxu||||| |||| 00| 0 eng d | ||
| 100 | _aDhirendra Rao, M.K. | ||
| 245 | _aDesigning MIS for R & D project management | ||
| 260 | _c1983 | ||
| 300 | _a412-21 | ||
| 362 | _aJan.-Mar. | ||
| 650 | _aProject Management | ||
| 773 | _aManagement in Government | ||
| 909 | _a16200 | ||
| 999 |
_c16200 _d16200 |
||